00400nam a2200133Ia 450000500170000000800410001702000150005808200130007310000160008624500750010226000560017730000160023365000170024920240606043643.0240331s9999 xx 000 0 und d a0415040183 bFOUa362 aFoucault, M 0aMadness and civilization :ba history of insanity in the age of reason aGreat BritainbTavistock Publications Limitedc1967 axiv,299 p., aCivilization